|
|
|
|
| LEADER |
00000nab a2200000 ar4500 |
| 001 |
vtls008982252 |
| 003 |
SK-MaSNL |
| 005 |
20260303065202.0 |
| 008 |
070421c20070416xo mr|p|||||||000 b|slo |
| 015 |
|
|
|a SNKBUCL2007/04
|2 snkbucl
|
| 038 |
|
|
|a SNKBUCL
|
| 040 |
|
|
|a SNKBUCL
|b slo
|c SNKBUCL
|e AACR2
|
| 041 |
0 |
|
|a slo
|
| 044 |
|
|
|a xo
|c SK
|
| 080 |
|
|
|a 796.966.093.1-053.6
|x (100)
|2 2001
|
| 245 |
0 |
0 |
|a Mladí Slováci prekvapili Švédov
|b slovenskí hokejisti začali MS 18 vo veľkom štýle
|
| 610 |
2 |
7 |
|a Majstrovstvá sveta hokejistov do 18 rokov
|d (2007 :
|c Tampere, Fínsko)
|2 snkbucl
|9 1064884
|
| 650 |
0 |
7 |
|a ľadový hokej
|2 snkbucl
|9 3231
|
| 650 |
0 |
7 |
|a juniori
|2 snkbucl
|9 838750
|
| 773 |
0 |
|
|t Šport
|g Roč. 61, č. 86 (14.4.2007), s. 38
|x 0139-7001
|
| 852 |
|
|
|a SNK
|b KIS3GCP
|
| 999 |
|
|
|c 1750190
|d 1752120
|